• 首页
  • 本馆介绍
  • 公告通知
  • 最新文献
  • 馆藏检索
  • 电子资源
  • 读者导购
  • 参考咨询
  • 我的图书馆
  • 登录
  • 详细信息显示
  • 放入我的书架
  • 预约/预借图书
  • 作者相关作品
  • 分类相关作品
  • 丛书相关作品
  • 出版社相关作品

书目信息

  • 表格格式
  • 工作单格式
  • 卡片格式
题名:
电机学
    
 
作者: 冯欣南 编
分册:  
出版信息: 北京   机械工业出版社  1985
页数: 507页
开本: 26cm
丛书名:
单 册:
中图分类: TM3
科图分类:
主题词: 电机
电子资源:
ISBN:
000 00609nam0 2200241 45
001 0185020357
005 20041118151327.0
010    @dCNY5.30
091    @a15033.5801
100    @a19930928d1985 em y0chiy0121 ea
101 0  @achi
102    @aCN@b110000
105    @ay z 000yy
200 10 @a电机学@Adian ji xue@f冯欣南编@FFeng Xin Nan Bian
210    @a北京@c机械工业出版社@d1985
215    @a507页@d26cm
300    @a高等学校试用教材
606 0  @a电机
690    @aTM3@v3
701  0 @a冯欣南@4编
801  0 @aCN@b深圳图书馆@c20040521
801  2 @aCN@bNLC@c20040521
905    @dTM3@e21@f1@b132292
    
    电机学/冯欣南编.-北京:机械工业出版社,1985
    507页;26cm
    高等学校试用教材
    
    ISBN :CNY5.30
    
●
相关链接 在E读中查询图书 在五车中查询图书 在当当中查询图书 在豆瓣中查询图书


正题名:电机学     索取号:TM3/21         预约/预借

序号 登录号 条形码 馆藏地/架位号 状态 备注
1 0132292   001344236   第三借阅区/ [索取号:TM3/21] 在馆    
2 0132293   001344245   第三借阅区/ [索取号:TM3/21] 在馆    
3 0132294   202448510   第二样本阅览室/ [索取号:TM3/21] 在馆    
唐山师范学院图书馆 欢迎您!
大连网信软件有限公司© 版权所有